| 000 -LEADER |
| fixed length control field |
00729nam a22001817a 4500 |
| 001 - CONTROL NUMBER |
| control field |
12511 |
| 003 - CONTROL NUMBER IDENTIFIER |
| control field |
BD-DhUAP |
| 005 - DATE AND TIME OF LATEST TRANSACTION |
| control field |
20201112144200.0 |
| 008 - FIXED-LENGTH DATA ELEMENTS--GENERAL INFORMATION |
| fixed length control field |
201112s1999 ii a|||| |||| 000 0 ben d |
| 040 ## - CATALOGING SOURCE |
| Original cataloging agency |
BD-DhUAP |
| Language of cataloging |
Ben |
| Transcribing agency |
BD-DhUAP |
| Modifying agency |
BD-DhUAP |
| 082 ## - DEWEY DECIMAL CLASSIFICATION NUMBER |
| Edition number |
23 |
| Classification number |
306.0954 PON |
| 100 ## - MAIN ENTRY--PERSONAL NAME |
| Personal name |
পণ্ডা, দীপককুমার বড়। |
| 245 ## - TITLE STATEMENT |
| Title |
পটুয়া সংস্কৃতি : |
| Remainder of title |
পরম্পরা ও পরিবর্তন / |
| Statement of responsibility, etc. |
দীপককুমার বড় পণ্ডা |
| 260 ## - PUBLICATION, DISTRIBUTION, ETC. |
| Place of publication, distribution, etc. |
কলকাতা : |
| Name of publisher, distributor, etc. |
শতাব্দী, |
| Date of publication, distribution, etc. |
c১৯৯৯। |
| 300 ## - PHYSICAL DESCRIPTION |
| Extent |
১৭৬ পৃষ্ঠা : |
| Other physical details |
চিত্র ; |
| Dimensions |
২১ সেমি.। |
| 650 ## - SUBJECT ADDED ENTRY--TOPICAL TERM |
| Topical term or geographic name entry element |
Culture |
| Geographic subdivision |
India. |
| 942 ## - ADDED ENTRY ELEMENTS (KOHA) |
| Source of classification or shelving scheme |
|
| Koha item type |
Book |